• 首页
  • 本馆介绍
  • 公告通知
  • 最新文献
  • 馆藏检索
  • 电子资源
  • 读者导购
  • 参考咨询
  • 我的图书馆
  • 登录
  • 详细信息显示
  • 放入我的书架
  • 预约/预借图书
  • 作者相关作品
  • 分类相关作品
  • 丛书相关作品
  • 出版社相关作品

书目信息

  • 表格格式
  • 工作单格式
  • 卡片格式
题名:
不会表达,你就输了
    
 
作者: 刘磊 主编
分册:  
出版信息: 哈尔滨   黑龙江美术出版社  2019.5
页数: 215页
开本: 21cm
丛书名:
单 册:
中图分类: C912.13-49
科图分类:
主题词: 心理交往--语言艺术--通俗读物
电子资源:
ISBN: 978-7-5593-4937-8
000 00978nam0 2200229 45
001 012001002794
005 20130124095733.0
010    @a978-7-5593-4937-8@dCNY32.80
100    @a20190517d2019 em y0chiy0110 ea
101 0  @achi
102    @aCN@b230000
105    @ay z 000yy
106    @ar
200 1  @a不会表达,你就输了@9bu hui biao da , ni jiu shu le@f刘磊主编
210    @a哈尔滨@c黑龙江美术出版社@d2019.5
215    @a215页@d21cm
330    @a本书主要讲解语言表达不仅是一件工具,还是一门真正的生活艺术,学习受欢迎的说话艺术,不让人生输在表达上!说话的策略,沟通的本领,在很大程度上决定了你受欢迎的程度。只有用巧妙的语言,把话说到对方的心里,才能为自己的人生、事业凿开一条平坦的通道。好口才是训练出来的,沟通技巧是可以熟能生巧的,只要你愿意,你能够说服任何人。学会表达,赢得人生。
606 0  @a心理交往@x语言艺术@x通俗读物
690    @aC912.13-49@v5
701  0 @a刘磊@9liu lei@4主编
801  0 @aCN@b江苏凤凰@c20191020
905    @b1216428-31@dC912.13-49@e1634@f4
    
    不会表达,你就输了/刘磊主编.-哈尔滨:黑龙江美术出版社,2019.5
    215页;21cm
    
    
    ISBN 978-7-5593-4937-8:CNY32.80
    本书主要讲解语言表达不仅是一件工具,还是一门真正的生活艺术,学习受欢迎的说话艺术,不让人生输在表达上!说话的策略,沟通的本领,在很大程度上决定了你受欢迎的程度。只有用巧妙的语言,把话说到对方的心里,才能为自己的人生、事业凿开一条平坦的通道。好口才是训练出来的,沟通技巧是可以熟能生巧的,只要你愿意,你能够说服任何人。学会表达,赢得人生。
●
相关链接 在E读中查询图书 在五车中查询图书 在当当中查询图书 在豆瓣中查询图书


正题名:不会表达,你就输了     索取号:C912.13-49/1634         预约/预借

序号 登录号 条形码 馆藏地/架位号 状态 备注
1 1216428   212164281   第一样本阅览室/ [索取号:C912.13-49/1634] 在馆    
2 1216429   212164290   教育系资料室/ [索取号:C912.13-49/1634] 在馆    
3 1216430   212164307   教育系资料室/ [索取号:C912.13-49/1634] 在馆    
4 1216431   212164316   第一借阅区/ [索取号:C912.13-49/1634] 在馆    
唐山师范学院图书馆 欢迎您!
大连网信软件有限公司© 版权所有